Principles of Management (Record no. 19014)

MARC details
000 -LEADER
fixed length control field 00380nam a22001337a 4500
008 - FIXED-LENGTH DATA ELEMENTS--GENERAL INFORMATION
fixed length control field 210707b xxu||||| |||| 00| 0 eng d
020 ## - INTERNATIONAL STANDARD BOOK NUMBER
International Standard Book Number 1512706567
050 ## - LIBRARY OF CONGRESS CALL NUMBER
Classification number HF5388
Item number .C67 2015 c.1
100 ## - MAIN ENTRY--PERSONAL NAME
Personal name Corum, Rick
245 ## - TITLE STATEMENT
Title Principles of Management
Remainder of title a christian perspective
Statement of responsibility, etc. Rick Corum
260 ## - PUBLICATION, DISTRIBUTION, ETC. (IMPRINT)
Place of publication, distribution, etc. Bloomington
Name of publisher, distributor, etc. WestBow Press
Date of publication, distribution, etc. 2015
300 ## - PHYSICAL DESCRIPTION
Extent ix, 295p.
942 ## - ADDED ENTRY ELEMENTS (KOHA)
Source of classification or shelving scheme Library of Congress Classification
Koha item type General Collection
Holdings
Withdrawn status Lost status Source of classification or shelving scheme Not for loan Home library Current library Date acquired Total Checkouts Full call number Barcode Date last seen Price effective from Koha item type
    Library of Congress Classification   Kabarak, Main Campus Kabarak, Main Campus 08/07/2021   HF5388 .C67 2015 c.1 029811 08/07/2021 08/07/2021 General Collection
    Library of Congress Classification   Kabarak, Main Campus Kabarak, Main Campus 08/07/2021   HF5388 .C67 2015 c.2 029812 08/07/2021 08/07/2021 General Collection
    Library of Congress Classification   Kabarak, Nakuru City Campus Kabarak, Nakuru City Campus 08/07/2021   HF5388 .C67 2015 c.1 029813 08/07/2021 08/07/2021 General Collection
Designed with assistance from East African Informatics Ltd